[Event "Oberliga NRW 2122"]
[Site "Germany"]
[Date "2021.10.31"]
[Round "1.8"]
[White "Klemenz, Luca"]
[Black "Steffens, Klaus"]
[Result "1/2-1/2"]
[WhiteElo "1790"]
[BlackElo "1803"]
[PlyCount "51"]
[EventDate "2021.10.31"]
[EventType "team-tourn"]
[EventRounds "9"]
[EventCountry "GER"]
[SourceTitle "EXT 2023"]
[Source "ChessBase"]
[SourceDate "2022.10.05"]
[SourceVersion "1"]
[SourceVersionDate "2022.10.05"]
[SourceQuality "1"]
[WhiteTeam "Koeln SF"]
[BlackTeam "Siegburg"]
[WhiteTeamCountry "GER"]
[BlackTeamCountry "GER"]

1. d4 Nf6 2. c4 e6 3. Nf3 b6 4. e3 Bb7 5. Bd3 Bb4+ 6. Bd2 Qe7 7. a3 Bxd2+ 8. Nbxd2 0-0 9. 0-0 d5 10. Qc2 c5 11. cxd5 exd5 12. dxc5 bxc5 13. Rac1 Nbd7 14. Rfd1 g6 15. Bf1 Rac8 16. g3 Ne4 17. Bg2 Ndf6 18. Nxe4 Nxe4 19. Nd2 Rfd8 20. Nxe4 dxe4 21. Rxd8+ Rxd8 22. Rd1 Rxd1+ 23. Qxd1 Qe5 24. Qd2 Qd5 25. Qxd5 Bxd5 26. Kf1 1/2-1/2

[Event "Mittelrhein Regionalliga 1920"]
[Site "Mittelrhein"]
[Date "2020.01.19"]
[Round "5.7"]
[White "Klemenz, Luca"]
[Black "Hack, Thomas1111"]
[Result "0-1"]
[WhiteElo "1933"]
[BlackElo "1885"]
[PlyCount "60"]
[EventDate "2019.09.29"]
[EventType "team-tourn"]
[EventRounds "9"]
[EventCountry "GER"]
[SourceTitle "EXT 2023"]
[Source "ChessBase"]
[SourceDate "2022.10.05"]
[SourceVersion "1"]
[SourceVersionDate "2022.10.05"]
[SourceQuality "1"]
[WhiteTeam "Koeln SF II"]
[BlackTeam "Euskirchen Turm"]
[WhiteTeamCountry "GER"]
[BlackTeamCountry "GER"]

1. e4 e6 2. d4 d5 3. exd5 exd5 4. Nf3 Bd6 5. c4 c6 6. Nc3 Ne7 7. Bd3 dxc4 8. Bxc4 0-0 9. 0-0 Bg4 10. h3 Bh5 11. g4 Bg6 12. Ne5 Kh8 13. f4 f6 14. Nxg6+ Nxg6 15. f5 Ne7 16. Be3 Nd7 17. Ne4 Nb6 18. Nxd6 Qxd6 19. Bb3 Qg3+ 20. Kh1 Qxh3+ 21. Kg1 Qxe3+ 22. Kg2 Qe4+ 23. Kg3 Ned5 24. Rf3 Rae8 25. Qg1 Re7 26. Rd1 Qe2 27. Rf2 Qe3+ 28. Kh2 Qh6+ 29. Kg3 Re3+ 30. Kg2 Qh3# 0-1

[Event "Mittelrhein Regionalliga 1920"]
[Site "Mittelrhein"]
[Date "2019.12.08"]
[Round "4.7"]
[White "Mays, Stephan"]
[Black "Klemenz, Luca"]
[Result "1/2-1/2"]
[WhiteElo "1960"]
[BlackElo "1889"]
[PlyCount "137"]
[EventDate "2019.09.29"]
[EventType "team-tourn"]
[EventRounds "9"]
[EventCountry "GER"]
[SourceTitle "EXT 2023"]
[Source "ChessBase"]
[SourceDate "2022.10.05"]
[SourceVersion "1"]
[SourceVersionDate "2022.10.05"]
[SourceQuality "1"]
[WhiteTeam "Koeln Ford SF"]
[BlackTeam "Koeln SF II"]
[WhiteTeamCountry "GER"]
[BlackTeamCountry "GER"]

1. d4 Nf6 2. Nf3 d5 3. Bf4 c5 4. e3 Nc6 5. c3 Qb6 6. Qb3 c4 7. Qc2 Bf5 8. Qc1 e6 9. Nbd2 Be7 10. Be2 0-0 11. Ne5 Nxe5 12. dxe5 Ne4 13. Nxe4 Bxe4 14. f3 Bg6 15. h4 h5 16. g4 Qd8 17. Bg3 b5 18. gxh5 Bxh5 19. f4 Bg6 20. h5 Be4 21. Rh2 b4 22. Kf1 Rb8 23. Be1 Qb6 24. h6 g6 25. Bh4 Bxh4 26. Rxh4 bxc3 27. bxc3 Kh7 28. Rh3 Qb2 29. Qe1 Rb7 30. Rd1 Qa3 31. Qh4 Qe7 32. Qxe7 Rxe7 33. Rd4 Bf5 34. Rh2 Rb7 35. Bf3 Bd3+ 36. Kf2 Rb2+ 37. Kg3 Rxh2 38. Kxh2 Rb8 39. e4 Rb2+ 40. Kg3 dxe4 41. Bxe4 Rxa2 42. Bxd3 cxd3 43. Rxd3 Kxh6 44. Rd7 Kg7 45. c4 a5 46. Ra7 Rc2 47. Rxa5 Rxc4 48. Ra7 Re4 49. Kf3 Re1 50. Kf2 Rh1 51. Kf3 Rg1 52. Kf2 Rg4 53. Kf3 Rh4 54. Kg3 Rh1 55. Kg2 Rh5 56. Kg3 Rf5 57. Ra8 g5 58. fxg5 Rxe5 59. Kf4 Re1 60. Re8 Rf1+ 61. Kg4 Rb1 62. Rc8 Rb6 63. Ra8 e5 64. Re8 Re6 65. Rxe6 fxe6 66. Kf3 Kg6 67. Ke4 Kxg5 68. Kxe5 Kh4 69. Kxe6 1/2-1/2

[Event "Cologne Longerich op-B 12th"]
[Site "Cologne"]
[Date "2015.08.01"]
[Round "3"]
[White "Koellner, Aaron Noah"]
[Black "Klemenz, Luca"]
[Result "1/2-1/2"]
[WhiteElo "1478"]
[BlackElo "782"]
[PlyCount "76"]
[EventDate "2015.07.31"]
[EventType "tourn"]
[EventRounds "5"]
[EventCountry "GER"]
[SourceTitle "EXT 2017"]
[Source "ChessBase"]
[SourceDate "2016.10.25"]
[SourceVersion "1"]
[SourceVersionDate "2016.10.25"]
[SourceQuality "1"]

1. d4 Nf6 2. Nf3 d5 3. e3 e6 4. Bd3 c5 5. c3 Be7 6. Nbd2 0-0 7. 0-0 Nc6 8. dxc5 Bxc5 9. e4 dxe4 10. Nxe4 Nxe4 11. Bxe4 Bd7 12. Re1 Re8 13. Ng5 h6 14. Bh7+ Kf8 15. Ne4 Be7 16. Qh5 Qa5 17. Qxh6 f5 18. Qg6 Ne5 19. b4 Nxg6 20. bxa5 Ne5 21. Ng3 Bf6 22. f4 Nd3 23. Rd1 Bb5 24. Rb1 Ba6 25. Bg6 Rec8 26. Ba3+ Kg8 27. c4 Bxc4 28. Rxb7 Bd4+ 29. Kf1 Nb2+ 30. Ke1 Bc3+ 31. Rd2 Rd8 32. Bxb2 Bxd2+ 33. Kf2 Bxf4 34. Rxg7+ Kf8 35. Rf7+ Kg8 36. Rg7+ Kf8 37. Rf7+ Kg8 38. Rg7+ Kf8 1/2-1/2

[Event "Cologne Longerich op-B 12th"]
[Site "Cologne"]
[Date "2015.07.31"]
[Round "1"]
[White "Mohammadi Nia, Nosratollah"]
[Black "Klemenz, Luca"]
[Result "0-1"]
[WhiteElo "1231"]
[BlackElo "782"]
[PlyCount "118"]
[EventDate "2015.07.31"]
[EventType "tourn"]
[EventRounds "5"]
[EventCountry "GER"]
[SourceTitle "EXT 2017"]
[Source "ChessBase"]
[SourceDate "2016.10.25"]
[SourceVersion "1"]
[SourceVersionDate "2016.10.25"]
[SourceQuality "1"]

1. d4 Nf6 2. Nc3 d5 3. Bf4 c6 4. Nf3 Bf5 5. e3 e6 6. Be2 Bb4 7. 0-0 Ne4 8. Nxe4 Bxe4 9. c3 Bd6 10. Bxd6 Qxd6 11. Qb3 Qc7 12. Qb4 Nd7 13. Ng5 Bg6 14. f4 h6 15. Nf3 c5 16. dxc5 Nxc5 17. Qb5+ Qc6 18. Ne5 Qxb5 19. Bxb5+ Ke7 20. Nxg6+ fxg6 21. b4 Ne4 22. Rac1 Rac8 23. c4 a6 24. Ba4 Rxc4 25. Rxc4 dxc4 26. Rd1 Nc3 27. Rd7+ Ke8 28. Rxb7+ Nxa4 29. Rb8+ Kd7 30. Rxh8 c3 31. Rf8 c2 32. Rf7+ Kd6 33. Kf2 c1Q 34. Ra7 Qd2+ 35. Kf3 Qxb4 36. Rxa6+ Kd5 37. Ra7 Qe4+ 38. Kf2 Nc3 39. Rd7+ Kc4 40. Rd4+ Qxd4 41. exd4 Kxd4 42. Kf3 Nxa2 43. g4 g5 44. h3 Nb4 45. Kg3 Nd5 46. f5 exf5 47. gxf5 Ke5 48. Kg4 Nf6+ 49. Kg3 Kxf5 50. h4 gxh4+ 51. Kxh4 g5+ 52. Kg3 Ne4+ 53. Kh3 Kf4 54. Kg2 h5 55. Kh3 g4+ 56. Kh4 g3 57. Kh3 Kf3 58. Kh4 g2 59. Kxh5 g1Q 0-1